[Event "2nd ch-EUR Women"]
[Site "Warsaw POL"]
[Date "2001.04.30"]
[Round "8"]
[White "Ciuksyte,D"]
[Black "Mamedova,R"]
[Result "1-0"]
[WhiteElo "2217"]
[BlackElo "2353"]

1.e4 e6 2.d4 d5 3.Nd2 a6 4.Ngf3 c5 5.dxc5 Bxc5 6.Bd3 Nc6 7.O-O Nge7 8.Qe2 O-O
9.e5 Ng6 10.Nb3 Bb6 11.Be3 Bc7 12.Bc5 Re8 13.Bd4 Nxd4 14.Nbxd4 f6 15.Bxg6 hxg6
16.Rfe1 g5 17.h3 Bd7 18.Qd3 Qe7 19.Re2 Rac8 20.Qd2 Bd8 21.g4 Rf8 22.Rae1 f5
23.Kh1 g6 24.gxf5 exf5 25.e6 Be8 26.Rg1 g4 27.hxg4 Qh7+ 28.Nh2 f4 29.f3 Bh4
30.Kg2 Bf6 31.Rh1 Qg7 32.c3 Qc7 33.e7 Rf7 34.Ne6 Qc4 35.g5 Bxe7 36.Ng4 Rh7
37.Rxh7 Kxh7 38.Qe1 Kg8 39.Nd4 Qxa2 40.Rxe7 Qxb2+ 41.Re2  1-0

[Event "Bank Pocztowy Open A"]
[Site "Bydgoszcz POL"]
[Date "2001.05.01"]
[Round "5"]
[White "Romanov,E"]
[Black "Szymanski,M"]
[Result "1/2-1/2"]
[WhiteElo "2172"]
[BlackElo "2359"]

1.e4 e6 2.d4 d5 3.Nd2 Be7 4.Bd3 c5 5.dxc5 Nf6 6.Qe2 Nc6 7.Ngf3 O-O 8.O-O Bxc5
9.e5 Nd7 10.Nb3 Be7 11.c3 a5 12.Re1 b6 13.Nbd4 Bb7 14.Nxc6 Bxc6 15.Nd4 Bb7
16.Qg4 Re8 17.Bh6 Bf8 18.Bg5 Be7 19.Bxe7 Qxe7 20.Re3 Nf8 21.Rae1 Ba6 22.Rg3 f5
23.exf6 Qxf6 24.Bxa6 Rxa6 25.Rf3 Qg6 26.Qxg6 hxg6 27.Rfe3 Kf7 28.f4 Ra7 29.Kf2 Rb7
30.Nb5 Rd7 31.Kf3 Nh7 32.Nd4 Rd6 33.Nb5 Rd7 34.Nd4 Rd6 35.Nb5 Rd7 36.Nd4 Rd6  1/2-1/2

[Event "Bank Pocztowy Open A"]
[Site "Bydgoszcz POL"]
[Date "2001.05.05"]
[Round "8"]
[White "Mickiewicz,P"]
[Black "Olszewski,Ma"]
[Result "1/2-1/2"]
[WhiteElo "2239"]
[BlackElo "2131"]

1.e4 e6 2.d4 d5 3.Nd2 Nc6 4.Ngf3 Nf6 5.e5 Nd7 6.Nb3 f6 7.Bb5 a6 8.Bxc6 bxc6
9.O-O Be7 10.Na5 Nb8 11.exf6 Bxf6 12.Ne5 O-O 13.Bf4 Qe8 14.Re1 c5 15.dxc5 Qa4
16.Qd2 Be7 17.Be3 Nd7 18.Nxd7 Bxd7 19.Bd4 Bf6 20.Nb3 Rae8 21.Be5 Bh4 22.g3 Bd8
23.Nd4 Qc4 24.b4 Bf6 25.a3 a5 26.Qd3 axb4 27.c6 Bc8 28.Qxc4 dxc4 29.axb4 c3
30.b5 Rd8 31.Ra4 Rd5 32.f4 Rfd8 33.Re4 Bxe5 34.fxe5 Kf7 35.Kf2 Ke7 36.Ke3 Rf8
37.Ra7 Kd8 38.Ra8 Ke7 39.h4 h6 40.Rb8 g5 41.hxg5 hxg5 42.Nf3 Rd1 43.Rd4 Rf1
44.Rxc8 Rxc8 45.Rd7+ Ke8 46.Rh7 Rd8 47.b6 cxb6 48.c7 Rc8 49.Nxg5 Re1+ 50.Kd4 Rd1+
51.Kxc3 Re1 52.Kd4 Rd1+ 53.Ke3 Re1+ 54.Kf4 Rf1+ 55.Kg4 Re1 56.Nxe6 Rxe5 57.Rh8+ Kd7
58.Rd8+ Kc6 59.Rxc8 Rxe6 60.Kf5 Re2  1/2-1/2

[Event "Golden Cleopatra Open"]
[Site "Cairo EGY"]
[Date "2001.05.09"]
[Round "8"]
[White "Hamed,Ah"]
[Black "El Arousy,A"]
[Result "1/2-1/2"]
[WhiteElo "2331"]
[BlackElo "2370"]

1.e4 e6 2.d4 d5 3.Nd2 Be7 4.Ngf3 Nf6 5.Bd3 c5 6.e5 Nfd7 7.c3 Nc6 8.O-O a5
9.a4 Qb6 10.dxc5 Qc7 11.Nb3 Ndxe5 12.Nxe5 Qxe5 13.Re1 Qc7 14.Qh5 Bd7 15.Nd4 Nxd4
16.cxd4 b6 17.Qg4 Kf8 18.Bf4 Qd8 19.Be5 Bf6 20.Bxf6 gxf6 21.Qf4 bxc5 22.dxc5 Bc6
23.Bb5 Rc8 24.Rac1 Ke7 25.Qd4 Qd7 26.Rc3 e5 27.f4 e4 28.Rec1 Rhg8 29.Rb3 Qf5
30.Rd1 Rb8 31.Rc3 Bxb5 32.axb5 Rxb5 33.Qxd5 Qxd5 34.Rxd5 Rxb2 35.g3 Rd8 36.Rxd8 Kxd8
37.f5 Kc7 38.c6 a4 39.Ra3 Rb4 40.Rc3 Rb3 41.Rc4 a3 42.Kf2 Rf3+ 43.Ke2 Rxf5
44.Ra4 Kxc6 45.Rxa3 Kd5 46.Ra5+ Ke6 47.Ra6+ Ke5 48.Ra5+ Ke6 49.Ra6+ Ke7 50.Ke3 Re5
51.g4 Re6 52.Ra4 f5 53.gxf5 Rh6 54.Ra7+ Kf6 55.Ra6+ Kg5 56.Rxh6 Kxh6 57.Kxe4 Kg5
58.Ke5 h6 59.h3 h5 60.f6 h4 61.Ke4 Kxf6 62.Kf4 Ke6 63.Kg4 Ke5 64.Kxh4 Kf4
65.Kh5 f5 66.Kg6  1/2-1/2

[Event "54th ch-RUS"]
[Site "Elista RUS"]
[Date "2001.05.09"]
[Round "9"]
[White "Karpatchev,A"]
[Black "Poddubnyi,V"]
[Result "1-0"]
[WhiteElo "2404"]
[BlackElo "2240"]

1.e4 e6 2.d4 d5 3.Nd2 Be7 4.Bd3 c5 5.dxc5 Nf6 6.Qe2 O-O 7.Ngf3 Bxc5 8.e5 Nfd7
9.Nb3 Be7 10.h4 Qc7 11.Bf4 f6 12.exf6 Qxf4 13.Qxe6+ Rf7 14.fxe7 Qb4+ 15.Kf1 Qxe7
16.Qxd5 Nb6 17.Qg5 Qc7 18.Qc5 Nc6 19.Ng5 Re7 20.Bxh7+ Kh8 21.Bd3 Bg4 22.Nf3 Rf8
23.Qg5 Bxf3 24.gxf3 Rf6 25.Re1 Ne5 26.Be4 Na4 27.Kg2 Nxb2 28.Nd4 Rd7 29.Qh5+ Kg8
30.Bh7+ Kf8 31.Rxe5 g6 32.Qh6+ Kf7 33.Bg8+  1-0

[Event "ch-LTU"]
[Site "Kaunas LTU"]
[Date "2001.05.14"]
[Round "6"]
[White "Slapikas,V"]
[Black "Kveinys,A"]
[Result "1/2-1/2"]
[WhiteElo "2448"]
[BlackElo "2533"]

1.e4 e6 2.d4 d5 3.Nd2 a6 4.Ngf3 Nf6 5.Bd3 c5 6.exd5 Nxd5 7.Nb3 Nd7 8.O-O cxd4
9.Nbxd4 Be7 10.c3 O-O 11.Re1 Bf6 12.Bc2 Re8 13.Qe2 Nf8 14.Ne5 Ng6 15.Ndf3 b5
16.a4 Nxe5 17.Nxe5 Bxe5 18.Qxe5 Bb7 19.Qg3 Qd7 20.Rd1 Bc6 21.Be3 Qe7 22.Rd4 Nxe3
23.Qxe3 e5 24.Rd2 Qb7 25.Qh3 g6 26.axb5 axb5 27.Rad1 Kg7 28.Rd6 Rac8 29.b4 Qe7
30.Qg3 Rc7 31.h4 Rec8 32.Bf5 Ra8 33.h5 Be8 34.Rb6 Ra3 35.Rd3 Ra1+ 36.Kh2 Rc4
37.Bh3 Re1 38.Rb8 Bc6 39.Re3 Rxe3 40.Qxe3 gxh5 41.Qg3+ Kh6 42.Rb6 e4  1/2-1/2

[Event "TCh-YUG"]
[Site "Herceg Novi YUG"]
[Date "2001.05.18"]
[Round "5"]
[White "Markovic,Zo"]
[Black "Antic,D"]
[Result "0-1"]
[WhiteElo "2186"]
[BlackElo "2485"]

1.e4 e6 2.d4 d5 3.Nd2 Be7 4.Bd3 c5 5.dxc5 Nf6 6.Qe2 Nc6 7.Ngf3 Nb4 8.Nb3 a5
9.Bg5 a4 10.Nbd2 a3 11.b3 O-O 12.O-O h6 13.Bxf6 Bxf6 14.e5 Be7 15.c3 Nxd3
16.Qxd3 Bxc5 17.Nd4 f6 18.f4 fxe5 19.fxe5 Bd7 20.Rxf8+ Qxf8 21.Rf1 Qe8 22.Kh1 Qh5
23.b4 Ba7 24.N2f3 Qg4 25.Re1 Rc8 26.h3 Qf4 27.Qg6 Bxd4 28.Nxd4 Qf2 29.Re2 Qf1+
30.Kh2 Qf4+ 31.g3 Qf1 32.Rc2 Rxc3 33.Rxc3 Qf2+ 34.Kh1 Qe1+ 35.Kh2 Qd2+ 36.Kg1 Qxc3
37.Nxe6 Qxe5 38.Nf4 Qa1+ 39.Kf2 Qxa2+ 40.Ne2 Qb2  0-1

[Event "TCh-YUG Women"]
[Site "Herceg Novi YUG"]
[Date "2001.05.18"]
[Round "5"]
[White "Dembo,Y"]
[Black "Matveeva,S"]
[Result "0-1"]
[WhiteElo "2341"]
[BlackElo "2430"]

1.e4 e6 2.d4 d5 3.Nd2 Be7 4.Bd3 c5 5.dxc5 Nf6 6.Qe2 Nc6 7.Ngf3 a5 8.c3 a4
9.O-O O-O 10.Rd1 Bxc5 11.h3 h6 12.exd5 exd5 13.Nf1 Re8 14.Qc2 Qc7 15.Be3 Bxe3
16.Nxe3 a3 17.b3 Be6 18.Rac1 Qf4 19.Bf5 Rac8 20.Bxe6 fxe6 21.Qe2 Ne4 22.g3 Qf7
23.c4 Rf8 24.Kg2 Rce8 25.Rf1 d4 26.Nd1 Qf5 27.Nh4 Qh7 28.f4 Nc5 29.Nf2 e5
30.f5 e4 31.Rce1 Rxf5 32.Nxf5 Qxf5 33.Nd3 Qg5 34.h4 Qe7 35.Nf4 e3 36.Nd5 Qe4+
37.Kh2 Nd3 38.Rd1 Nce5 39.Nf4 Nf2 40.Rxf2 exf2 41.Qxe4 Ng4+ 42.Kh3 Rxe4 43.Nd3 h5
44.Rf1 Re2  0-1

[Event "TCh-YUG"]
[Site "Herceg Novi YUG"]
[Date "2001.05.20"]
[Round "7"]
[White "Nevednichy,V"]
[Black "Antic,D"]
[Result "1-0"]
[WhiteElo "2563"]
[BlackElo "2485"]

1.e4 e6 2.d4 d5 3.Nd2 Be7 4.e5 c5 5.Qg4 Bf8 6.dxc5 Qc7 7.Ngf3 Nc6 8.Bb5 f6
9.O-O Bxc5 10.c4 fxe5 11.Qh5+ g6 12.Qxe5 Qxe5 13.Nxe5 Ne7 14.Ndf3 O-O 15.Bxc6 Nxc6
16.Nxc6 bxc6 17.Bh6 Rf5 18.cxd5 cxd5 19.Rac1 Bb6 20.Be3 Bxe3 21.fxe3 Ba6
22.Rf2 Bd3 23.g4 Rff8 24.Ne5 Be4 25.Rc7 g5 26.b4 a6 27.h3 Rad8 28.Nf7 Rb8
29.Nh6+ Kh8 30.Rxf8+ Rxf8 31.Nf7+ Kg8 32.Nxg5 Bb1 33.Nxe6 Re8 34.Rc6 Bxa2
35.Rxa6 d4 36.Nxd4 Re4 37.Rxa2  1-0

[Event "Master Open"]
[Site "Lausanne SUI"]
[Date "2001.05.24"]
[Round "5"]
[White "Kotsur,P"]
[Black "Gaprindashvili,V"]
[Result "1/2-1/2"]
[WhiteElo "2576"]
[BlackElo "2486"]

1.e4 e6 2.d4 d5 3.Nd2 Be7 4.e5 c5 5.Qg4 Kf8 6.dxc5 Nc6 7.Ngf3 h5 8.Qf4 g5
9.Qe3 Nh6 10.Bd3 Ng4 11.Qe2 Bxc5 12.Nb3 Be7 13.h3 Nh6 14.Nfd4 Nf5 15.Nxf5 exf5
16.f4 g4 17.Be3 Kg7 18.O-O-O Be6 19.Kb1 Qc7 20.Qf2 b6 21.c3 Rab8 22.Qc2 Kg6
23.Qe2 Kg7 24.Bf2 Rbd8 25.Bd4 Rdg8 26.Nd2 Kf8 27.Nf1 Bc5 28.Qf2 Ne7 29.g3 Qc8
30.Ne3 h4 31.gxh4 g3 32.Qf3 Ng6 33.Qxg3 Bxd4 34.cxd4 Nxe5 35.Qf2 Nxd3 36.Rxd3 Qd8
37.Ng2 Qf6 38.Rc1 Qg6 39.Ne1 Qh6 40.Qd2 Qxh4 41.Nf3 Qe7 42.Ng5 Qd6 43.Nxe6+ Qxe6
44.Re3 Qd6 45.Rc8+ Kg7 46.Rg3+ Kh7 47.Qe2 Qh6 48.Qe5 Qe6 49.Qxe6 fxe6 50.Rc7+ Kh6
51.Re3 Rg1+ 52.Kc2 Re8 53.Rxa7 Rf1 54.Rb7 Rxf4 55.Kd3 Re4 56.Rxb6 Kg5 57.Rf3 Ra8
58.a3 Ra4 59.Rb4 Rxb4 60.axb4 e5 61.dxe5 Rxb4 62.Rf2 f4 63.e6 Kf6 64.Re2 Ke7
65.h4 f3 66.Rh2 Kxe6 67.Ke3 Kf5 68.h5 Rb3+ 69.Kd4 Kf4 70.h6 Rb8 71.h7 Rh8
72.Kxd5 Kg3 73.Rh6 f2 74.Rg6+  1/2-1/2

[Event "IX Guillermo Garcia Mem"]
[Site "Santa Clara CUB"]
[Date "2001.05.28"]
[Round "5"]
[White "De la Paz,F"]
[Black "Arribas,M"]
[Result "0-1"]
[WhiteElo "2437"]
[BlackElo "2325"]

1.e4 e6 2.d4 d5 3.Nd2 Be7 4.Ngf3 Nf6 5.Bd3 c5 6.c3 dxe4 7.Nxe4 cxd4 8.cxd4 Nxe4
9.Bxe4 Nd7 10.O-O O-O 11.Ne5 Nf6 12.Bf3 Nd5 13.Qb3 Bf6 14.Rd1 b6 15.Bf4 Bb7
16.Bg3 Qe7 17.Rac1 Rfc8 18.Qa4 Rxc1 19.Rxc1 Rc8 20.Rxc8+ Bxc8 21.Nc6 Qd7
22.Qc4 Ne7 23.Be5 Nxc6 24.Bxc6 Qd8 25.h3 Bxe5 26.dxe5 g6 27.Qb4 Qd1+ 28.Kh2 Bd7
29.Bf3 Qc1 30.Qd4 Bc6 31.Qd8+ Kg7 32.Qf6+ Kg8 33.Bg4 Bd5 34.h4 h5 35.Qd8+ Kh7
36.Qf6 hxg4 37.Qxf7+ Kh6 38.Qf8+ Kh5 39.Kg3 Bxa2 40.Qh8+ Qh6 41.Qd8 Bd5 42.Qe7 a5
43.Qd8 a4 44.Qf6 g5 45.Qe7 Qg6 46.Qd8 Qg7 47.Qe8+ Kh6 48.hxg5+ Kxg5 49.Qd8+ Kf5
50.Kh4 Qh6+ 51.Kg3  0-1

[Event "2nd IECC"]
[Site "Ohrid MKD"]
[Date "2001.06.01"]
[Round "1"]
[White "Azarov,S"]
[Black "Anastasian,A"]
[Result "0-1"]
[WhiteElo "2452"]
[BlackElo "2574"]

1.e4 e6 2.d4 d5 3.Nd2 Be7 4.Ngf3 Nf6 5.Bd3 dxe4 6.Nxe4 Nbd7 7.O-O Nxe4 8.Bxe4 c5
9.c3 Qc7 10.Bc2 O-O 11.Bg5 Nf6 12.dxc5 Rd8 13.Qe2 Qxc5 14.Ne5 h6 15.Bh4 Bd7
16.Nxd7 Rxd7 17.Rad1 Rad8 18.Rxd7 Rxd7 19.Rd1 Rxd1+ 20.Bxd1 Bd6 21.Bc2 g5
22.Bg3 Bxg3 23.hxg3 Kg7 24.a3 b6 25.Qd3 Ng4 26.Qd2 a5 27.b4 Qe5 28.Kf1 Nf6
29.Qd3 axb4 30.cxb4 Qa1+ 31.Ke2 Qe5+ 32.Kd2 Nd5 33.Qe4 Qb2 34.Qd3 Kf8 35.f3 Ke7
36.g4 Qe5 37.Bb1 Qg3 38.Bc2 Qxg2+ 39.Kc1 Qf2 40.Qe4 Ne3 41.Bb3 Qe1+ 42.Kb2 Qd2+
43.Ka1 Kd6 44.Qb7 Qc3+ 45.Ka2 Qc7 46.Qe4 Nd5 47.Bxd5 exd5 48.Qf5 Qc4+ 49.Kb2 Qe2+
50.Kb3 Qe6 51.Qd3 d4+ 52.Kc2 Qa2+ 53.Kd1 Qb2 54.Qc4 f6 55.a4 Qa1+ 56.Ke2 Qxa4
57.Qxd4+ Kc7 58.Qxf6 Qb5+ 59.Kf2 Qxb4 60.Qg7+ Kc8 61.Qxh6 Qc5+ 62.Kg2 b5
63.Kg3 b4 64.Kh3 Qd5 65.Kg3 b3 66.Qg7 Qd6+ 67.Kh3 Qd3 68.Kg3 Qb5 69.Qf8+ Kb7
70.Qe7+ Kc6 71.Qf6+ Kc5 72.Qxg5+ Kb4 73.Qf6 Ka4 74.Qb2 Qd5 75.Qc1 Kb4 76.Qe1+ Kb5
77.Qc3 Qc4 78.Qe5+ Qc5 79.Qf6 Qc2 80.Qe5+ Kb4 81.Qd4+ Qc4 82.Qb6+ Kc3 83.g5 b2
84.g6 Qd4 85.Qc6+ Kd2 86.Qb5 Qg1+  0-1

[Event "Open"]
[Site "Estensi ITA"]
[Date "2001.06.03"]
[Round "2"]
[White "Tocco,P"]
[Black "Bukal,V jr"]
[Result "1/2-1/2"]
[WhiteElo "2144"]
[BlackElo "2392"]

1.e4 e6 2.d4 d5 3.Nd2 Be7 4.Ngf3 Nf6 5.Bd3 c5 6.e5 Nfd7 7.c3 Nc6 8.O-O a5
9.a3 a4 10.Re1 cxd4 11.cxd4 g5 12.h3 Nb6 13.Nb1 h5 14.Bb5 Bd7 15.Nc3 Ra5
16.Qd3 Kf8 17.Bxc6 Bxc6 18.Nh2 Ke8 19.f4 gxf4 20.Bxf4 Kd7 21.Rf1 Qg8 22.Rf2 Bh4
23.g3 Bd8 24.Raf1 Rh7 25.Bc1 Rg7 26.Rg2 Nc8 27.Qf3 Bb6 28.Be3 Ne7 29.g4 Kc8
30.Rff2 Ng6 31.Qg3 Ne7 32.Qh4 Ng6 33.Qg3 Ne7 34.Qh4 Ng6 35.Qg3 Ne7  1/2-1/2

[Event "2nd IECC"]
[Site "Ohrid MKD"]
[Date "2001.06.03"]
[Round "3"]
[White "Nisipeanu,LD"]
[Black "Atalik,S"]
[Result "1/2-1/2"]
[WhiteElo "2596"]
[BlackElo "2537"]

1.e4 e6 2.d4 d5 3.Nd2 a6 4.Ngf3 c5 5.dxc5 Bxc5 6.Bd3 Ne7 7.Qe2 Nbc6 8.a3 Ba7
9.Nb3 O-O 10.e5 Ng6 11.Bxg6 fxg6 12.Bd2 a5 13.Bc3 g5 14.h3 a4 15.Nbd4 Bxd4
16.Nxd4 Nxd4 17.Bxd4 Bd7 18.O-O  1/2-1/2

[Event "2nd IECC"]
[Site "Ohrid MKD"]
[Date "2001.06.03"]
[Round "3"]
[White "Belotti,B"]
[Black "Anastasian,A"]
[Result "0-1"]
[WhiteElo "2440"]
[BlackElo "2574"]

1.e4 e6 2.d4 d5 3.Nd2 Be7 4.Ngf3 Nf6 5.e5 Nfd7 6.c3 c5 7.Bd3 Nc6 8.O-O a5
9.a3 cxd4 10.cxd4 g5 11.Nb3 a4 12.Nc5 Nxc5 13.dxc5 g4 14.Ne1 Nxe5 15.Bh6 Bf6
16.Bc2 Bd7 17.Nd3 Bc6 18.Rb1 Nxd3 19.Bxd3 Bg5 20.Bxg5 Qxg5 21.f4 Qf6 22.Rf2 h5
23.Qe2 Ra5 24.Re1 Rxc5 25.f5 e5 26.Qe3 Qd6 27.Qxe5+ Qxe5 28.Rxe5+ Kd7 29.Rfe2 Kd6
30.Re7 Rf8 31.Kf2 h4 32.f6 d4 33.Be4 Rh5 34.Rd2 Kc5 35.Rc2+ Kb6 36.Rd2 Rd8
37.Bxc6 bxc6 38.Rxf7 Rd6 39.Ke2 Rf5 40.Rg7 c5 41.Rxg4 Rdxf6 42.Kd3 Rf2 43.Rxf2 Rxf2
44.Rg6+ Kb5 45.Rg8 Kc6 46.Rg6+ Kd5 47.Rg5+ Ke6 48.Rg6+ Ke5 49.Rg5+ Ke6 50.Rg6+ Kd5
51.Rg5+ Kc6 52.Rg6+ Kb5 53.Rg8 Rf1 54.Rb8+ Kc6 55.Rc8+ Kb6 56.Rb8+ Kc7 57.Rg8 Rd1+
58.Kc4 Rc1+ 59.Kd3 Kd6 60.Rh8 Rg1 61.Rxh4 Rxg2 62.Rh6+ Kd5 63.Rh5+ Kc6 64.Rh6+ Kb5
65.Rh8 Rf2 66.Rb8+ Kc6 67.h4 Rh2 68.Kc4 Kc7 69.Rb5 Kd6 70.Rb6+ Ke5 71.Rb8 Rxh4
72.Kxc5 Ke4 73.Kc4 Ke3 74.Re8+ Kd2 75.b4 d3+ 76.Kc5 Kc3 77.Re1 d2 78.Rg1 Rd4
79.Rd1 Kc2  0-1

[Event "2nd SUFE Cup Rapid"]
[Site "Shanghai CHN"]
[Date "2001.06.03"]
[Round "10"]
[White "Wang Pin"]
[Black "Zhukova,N"]
[Result "0-1"]
[WhiteElo "2504"]
[BlackElo "2463"]

1.e4 e6 2.d4 d5 3.Nd2 a6 4.Ngf3 Nf6 5.Bd3 c5 6.dxc5 Bxc5 7.e5 Nfd7 8.O-O Nc6
9.Nb3 Be7 10.Re1 g5 11.Nbd4 h6 12.c4 Nc5 13.Bf1 Nxd4 14.Nxd4 dxc4 15.Bxc4 b5
16.Bf1 Bb7 17.Be3 Qd5 18.Rc1 Rd8 19.Qh5 Nd3 20.Nxb5 axb5 21.Red1 Qe4 22.Rc7 Nxe5
23.Rxd8+ Bxd8 24.Rc3 b4 25.Rc5 Nd7 26.Rc1 Qg6 27.Qd1 Bd5 28.Bd3 f5 29.Rc8 O-O
30.Bc4 Qf7 31.Bxd5 exd5 32.Bd4 Bf6 33.Rc7 Qe6 34.h3 Bxd4 35.Qxd4 Qe1+ 36.Kh2 Qe5+  0-1

[Event "2nd IECC"]
[Site "Ohrid MKD"]
[Date "2001.06.05"]
[Round "5"]
[White "Ermenkov,E"]
[Black "Nielsen,PH"]
[Result "1/2-1/2"]
[WhiteElo "2478"]
[BlackElo "2585"]

1.e4 e6 2.d4 d5 3.Nd2 Be7 4.c3 c5 5.dxc5 Bxc5 6.Bd3 Nf6 7.Qe2 dxe4 8.Nxe4 Nxe4
9.Bxe4 Nd7 10.Nf3 O-O 11.O-O  1/2-1/2

[Event "Open"]
[Site "Estensi ITA"]
[Date "2001.06.06"]
[Round "5"]
[White "Popa,C"]
[Black "Formanek,E"]
[Result "0-1"]
[WhiteElo "2101"]
[BlackElo "2293"]

1.e4 e6 2.d4 d5 3.Nd2 Nc6 4.c3 e5 5.exd5 Qxd5 6.dxe5 Nxe5 7.Qa4+ Bd7 8.Qe4 Qxe4+
9.Nxe4 Bc6 10.f3 O-O-O 11.Nf2 Bc5 12.Bf4 Ng6 13.Bg3 Nf6 14.Bc4 Rhe8+ 15.Ne2 Bxf2+
16.Kxf2 Rd2 17.Rhe1 Rxb2 18.Bxf7 Re7 19.Bb3 Nd5 20.Kf1 Ne3+ 21.Kg1 Nxg2 22.Kxg2 Rexe2+
23.Rxe2 Rxe2+ 24.Kf1 Re3 25.Rd1 b6 26.c4 Rxf3+ 27.Ke1 Nf4 28.Rd4 g5 29.Bd1 Re3+
30.Kd2 Ra3 31.Bb3 Ba4 32.Bxf4 gxf4 33.Rxf4 Bxb3 34.axb3 Ra2+ 35.Kc3 Rxh2
36.Rf7 a5 37.Rf6 Kd8 38.c5 b5 39.Ra6 Rh3+ 40.Kb2 Rh5 41.Rxa5 Rxc5 42.Ra6 Rh5
43.Kc3 Kc8 44.Rf6 Rh4 45.b4 Kb7 46.Rf5 Rh3+ 47.Kc2 Kc6 48.Rc5+ Kb6 49.Rf5 Rh6
50.Re5 Rg6 51.Rh5 h6 52.Kb3 c6 53.Kc3 Kc7 54.Kd3 Kd6 55.Kd4 Ke6 56.Kd3 Kf7
57.Rh4 Kg7 58.Kd4 Rg5 59.Re4 h5 60.Re7+ Kh6 61.Ke4 h4 62.Kf4 Rg6 63.Re8 Rd6
64.Ke5 Rd1 65.Rh8+ Kg5 66.Rg8+ Kh5 67.Kf4 Rf1+ 68.Ke5 h3 69.Kd6 Rc1 70.Ke5 Kh4
71.Kf4 Rf1+ 72.Ke3 Rf5 73.Rg1 h2 74.Rd1 Kg3 75.Ke4 Rf4+ 76.Ke3  0-1

[Event "2nd IECC"]
[Site "Ohrid MKD"]
[Date "2001.06.09"]
[Round "8"]
[White "Tiviakov,S"]
[Black "Minasian,Art"]
[Result "1-0"]
[WhiteElo "2603"]
[BlackElo "2554"]

1.e4 e6 2.d4 d5 3.Nd2 Be7 4.Bd3 c5 5.dxc5 Nf6 6.Qe2 Nc6 7.Ngf3 Bxc5 8.O-O Qc7
9.a3 a6 10.e5 Nd7 11.Re1 b5 12.Nb3 Be7 13.Bf4 Nb6 14.Nfd4 Bd7 15.c3 Na4 16.Nxc6 Bxc6
17.Nd4 g6 18.Rab1 Bd7 19.Qe3 Bf8 20.Bg5 Bg7 21.Qf4 h6 22.Bf6 Bxf6 23.Qxf6 Rg8
24.Qf4 Rh8 25.Qf6 Rg8 26.Re3 Qd8 27.Qf4 h5 28.Rg3 Qe7 29.Nf3 Bc6 30.Ng5 Rg7
31.Bc2 Nb6 32.h4 Nd7 33.Rf3 Ra7 34.Qd4 Qc5 35.Nxf7 Qxd4 36.Nd6+ Ke7 37.cxd4 Ra8
38.Rc1 Rf8 39.Rg3 Rf4 40.Bxg6 Rxd4 41.Rxc6  1-0

[Event "Open"]
[Site "Estensi ITA"]
[Date "2001.06.10"]
[Round "9"]
[White "Popa,C"]
[Black "Mayers,D"]
[Result "*"]
[WhiteElo "2101"]
[BlackElo "2115"]

1.e4 e6 2.d4 d5 3.Nd2 Nc6 4.c3 dxe4 5.Nxe4 e5 6.d5 Nce7 7.Bc4 Nf5 8.Nf3 Nd6
9.Nxd6+ Bxd6 10.Ng5 Nf6 11.Bb5+ Bd7 12.Qa4 O-O 13.Bxd7 Nxd7 14.Qc2 Nf6 15.c4 h6
16.Nf3 Rc8 17.O-O c6 18.dxc6 Rxc6 19.Qe2 Re8 20.h3 Bc5 21.Be3 e4 22.Ne1 Bd6
23.Rd1 Qe7 24.Bd4 Bb8 25.Bxf6 Rxf6 26.Nc2 Rd6 27.Ne3 Qe5 28.Rxd6 Bxd6 29.g3 f5
30.Nd5 Qe6 31.Rd1 g5 32.Qh5 Rf8 33.h4 g4 34.Nf4 Bxf4 35.gxf4 b6 36.Kh1 Kh7  *

[Event "ch-IND"]
[Site "New Delhi IND"]
[Date "2001.06.10"]
[Round "17"]
[White "Barua,D"]
[Black "Ravi,L"]
[Result "1-0"]
[WhiteElo "2494"]
[BlackElo "2381"]

1.e4 e6 2.d4 d5 3.Nd2 Be7 4.Bd3 c5 5.dxc5 Nf6 6.Qe2 Nc6 7.Ngf3 Nb4 8.Nb3 Nxd3+
9.cxd3 a5 10.a4 b6 11.e5 Nd7 12.c6 Nc5 13.Nbd4 Ba6 14.Nb5 d4 15.Nfxd4 Bxb5
16.Nxb5 Nxd3+ 17.Kf1 O-O 18.Be3 Nxe5 19.Rd1 Qc8 20.Rc1 Ng6 21.h4 Bb4 22.c7 e5
23.h5 Ne7 24.h6 g6 25.Bxb6 Qe6 26.Bc5 Rfe8 27.Bxe7 Qxe7 28.Na7 Bc5 29.c8=Q Raxc8
30.Nxc8 Rxc8 31.Rh3 Rf8 32.Rhc3 Bd4 33.Rc8 Qh4 34.Rxf8+ Kxf8 35.Rc8+ Ke7
36.Qf3 Qh1+ 37.Ke2  1-0

[Event "2nd IECC"]
[Site "Ohrid MKD"]
[Date "2001.06.11"]
[Round "10"]
[White "Lastin,A"]
[Black "Kacheishvili,G"]
[Result "1/2-1/2"]
[WhiteElo "2627"]
[BlackElo "2570"]

1.e4 e6 2.d4 d5 3.Nd2 Be7 4.e5 c5 5.Qg4 Kf8 6.dxc5 Nc6 7.Ngf3 f6 8.Qg3 fxe5
9.Nxe5 Nxe5 10.Qxe5 Bxc5 11.Bd3 Nf6 12.O-O Bd6 13.Qe2 Qc7 14.f4 Bxf4 15.Nf3 Bd6
16.c4 Bd7 17.Bg5 Re8 18.Rac1 Qb8 19.Qf2 Re7 20.Qh4 Ke8 21.cxd5 exd5 22.Nd4 Be5
23.Nf5 Bxf5 24.Bxf5 Kf7 25.Kh1 h5 26.Qh3 Qd6 27.Qd3 Rf8 28.Bh7 Rd8 29.Qg6+ Ke6
30.Qf5+ Kf7 31.Qg6+ Ke6 32.Bxf6 gxf6 33.Qf5+ Kf7 34.Qg6+ Ke6 35.Bg8+ Kd7
36.Bf7 Qb4 37.Qxh5 Qe4 38.Bxd5 Rh7 39.Bxe4 Rxh5 40.Rfd1+ Ke7 41.Rxd8  1/2-1/2

[Event "IM Ajvatovica"]
[Site "Donji Vakuf BIH"]
[Date "2001.06.17"]
[Round "5"]
[White "Leventic,I"]
[Black "Kovacevic,Vlat"]
[Result "1-0"]
[WhiteElo "2408"]
[BlackElo "2507"]

1.e4 e6 2.d4 d5 3.Nd2 a6 4.Ngf3 c5 5.dxc5 Bxc5 6.Bd3 Nc6 7.O-O Nf6 8.Qe2 O-O
9.e5 Nd7 10.Nb3 Ba7 11.c3 f6 12.exf6 Nxf6 13.Nbd4 Qd6 14.g3 e5 15.Nxc6 e4
16.Nxa7 Bg4 17.Bf4 Qd8 18.Bxe4 Nxe4 19.Qe3 Bxf3 20.Qxf3 Nd2 21.Qe3 Nxf1 22.Rxf1 Re8
23.Be5 Qd7 24.Rd1 b5 25.Qd4 Rxa7 26.Qxd5+ Qxd5 27.Rxd5 Raa8 28.Bd4 Rad8 29.Rg5 g6
30.Kf1 Kf7 31.b4 h6 32.Rg4 Rd5 33.Rh4 h5 34.Bc5 Ree5 35.Bd4 Re6 36.a3 Re8
37.Bc5 Ree5 38.Bd4 Re6 39.Rf4+ Rf5 40.Rh4 Rd5 41.Rf4+ Rf5 42.Rh4 Rf3 43.Kg2 Rd3
44.Rf4+ Ke8 45.Kh3 Rd1 46.Kh4 Rh1 47.h3 Ke7 48.Bc5+ Kd7 49.Bd4 Ke7 50.Kg5 Rxh3
51.Bf6+ Kf7 52.c4 Rh2 53.c5 h4 54.Bd4+ Ke8 55.Rxh4 Rxh4 56.gxh4 Kf7 57.f4 Re4
58.Be5 Re2 59.Kg4 Rg2+ 60.Kf3 Rc2 61.Kg4 Ke6 62.Kg5 Rg2+ 63.Kh6 Kf7 64.c6 Rc2
65.c7 Rc6 66.Kg5 Ke7 67.f5 gxf5 68.Kxf5 Kd7 69.h5 a5 70.Bf4 Rc3 71.bxa5 Rxa3
72.h6 Rh3 73.Kg6 b4 74.a6 Ra3 75.c8=Q+ Kxc8 76.h7  1-0

[Event "Homenaje a la Bandera"]
[Site "Rosario ARG"]
[Date "2001.06.17"]
[Round "4"]
[White "Sanfilippo,D"]
[Black "Playa,M"]
[Result "1-0"]
[WhiteElo "2079"]
[BlackElo "2385"]

1.e4 e6 2.d4 d5 3.Nd2 a6 4.Bd3 c5 5.dxc5 Bxc5 6.Ngf3 Nf6 7.e5 Nfd7 8.O-O Nc6
9.Nb3 Be7 10.Re1 O-O 11.Nbd4 Nc5 12.c3 f6 13.exf6 Bxf6 14.Bc2 Qd6 15.Ng5 Bxg5
16.Bxg5 e5 17.Nxc6 bxc6 18.f4 Bf5 19.fxe5 Qc7 20.Bb3 Be4 21.Bh4 Qxe5 22.Qd4 Qxd4+
23.cxd4 Nxb3 24.axb3 Rfb8 25.Ra3 Rb4 26.Bf2 Kf7 27.Rc1 Rb6 28.Rc3 Ke6 29.Bg3 Kd7
30.Be5 g6 31.Rh3 h5 32.g4 hxg4  1-0

[Event "III ShakkiNet IM"]
[Site "Helsinki FIN"]
[Date "2001.06.24"]
[Round "4"]
[White "Gamback,B"]
[Black "Kekki,P"]
[Result "1/2-1/2"]
[WhiteElo "2166"]
[BlackElo "2289"]

1.e4 e6 2.d4 d5 3.Nd2 a6 4.Ngf3 c5 5.exd5 exd5 6.dxc5 Bxc5 7.Nb3 Ba7 8.Bg5 Ne7
9.Qd2 Nbc6 10.O-O-O Be6 11.Be3 Qd6 12.Bxa7 Rxa7 13.Nfd4 O-O 14.h3 Raa8 15.f4 Bf5
16.Nxf5 Nxf5 17.Bd3 Ng3 18.Rhe1 Nh5 19.Rf1 Nb4 20.Kb1 Nxd3 21.Qxd3 Rad8 22.g3  1/2-1/2

[Event "Open"]
[Site "Batumi GEO"]
[Date "2001.06.26"]
[Round "1"]
[White "Melnikov,Vl1"]
[Black "Zhukova,N"]
[Result "0-1"]
[WhiteElo "2215"]
[BlackElo "2463"]

1.e4 e6 2.d4 d5 3.Nd2 a6 4.Ngf3 Nf6 5.Bd3 c5 6.exd5 exd5 7.O-O c4 8.Be2 Bd6
9.Re1 O-O 10.b3 b5 11.a4 Bb7 12.c3 Qc7 13.Ba3 Bxa3 14.Rxa3 Nbd7 15.Qc2 Rfe8
16.axb5 axb5 17.Rxa8 Rxa8 18.b4 Ne4 19.Nxe4 dxe4 20.Nd2 f5 21.Nf1 Nf6 22.Qb2 f4
23.f3 e3 24.Ra1 Rxa1 25.Qxa1 Nd5 26.g3 Qb6 27.Qb2 Qa6 28.Bd1 Bc8 29.Kg2 Qh6
30.Qa2 Nxc3  0-1

[Event "Open"]
[Site "Andorra AND"]
[Date "2001.07.01"]
[Round "2"]
[White "Grabarska,B"]
[Black "Borges Mateos,J"]
[Result "0-1"]
[WhiteElo "2213"]
[BlackElo "2436"]

1.e4 e6 2.d4 d5 3.Nd2 a6 4.Bd3 c5 5.dxc5 Bxc5 6.Ngf3 Nc6 7.O-O Nf6 8.exd5 Qxd5
9.a3 b5 10.b4 Bb6 11.Bb2 Bb7 12.Qe2 Rd8 13.Nb3 Qh5 14.c4 bxc4 15.Bxc4 Nd5
16.Qe4 O-O 17.Rad1 Nde7 18.Qe2 Nd5 19.Qe4 Nde7 20.Qe2 Ng6 21.Nfd4 Qh4 22.Nf3 Qh5
23.Nfd4 Qxe2 24.Nxe2 Nce5 25.Rc1 Rc8 26.Nd2 Rfd8 27.Bxe5 Nxe5 28.Rfd1 Nxc4  0-1

[Event "Open"]
[Site "Batumi GEO"]
[Date "2001.07.03"]
[Round "7"]
[White "Pashikian,A"]
[Black "Aginian,N"]
[Result "1-0"]
[WhiteElo "2268"]
[BlackElo "2192"]

1.e4 e6 2.d4 d5 3.Nd2 Be7 4.Bd3 c5 5.dxc5 Nf6 6.Qe2 O-O 7.Ngf3 a5 8.O-O Nfd7
9.exd5 exd5 10.Re1 Bf6 11.c4 Nxc5 12.cxd5 Qxd5 13.Bc4 Qh5 14.Nf1 Be6 15.Be3 Bxc4
16.Qxc4 Ne6 17.Ng3 Qg6 18.h4 h6 19.h5 Qh7 20.Qg4 Kh8 21.Nf5 Nc6 22.Rad1 Nb4
23.Rd2 Rac8 24.Nd6 Nc2 25.Nxf7+ Rxf7 26.Qxe6 Rff8 27.Red1 Bxb2 28.Nh4 Rc6
29.Ng6+ Qxg6 30.Qxg6 Rxg6 31.Rxc2  1-0

[Event "29th World Open"]
[Site "Philadelphia USA"]
[Date "2001.07.05"]
[Round "2"]
[White "Hoekstra,M"]
[Black "Gaprindashvili,V"]
[Result "0-1"]
[WhiteElo "2221"]
[BlackElo "2486"]

1.e4 e6 2.d4 d5 3.Nd2 Be7 4.Bd3 c5 5.dxc5 Bxc5 6.Ngf3 Nf6 7.Qe2 Nc6 8.O-O O-O
9.e5 Nd7 10.Nb3 Be7 11.c3 a5 12.Bf4 b6 13.Rad1 Nc5 14.Bb1 Ba6 15.Qc2 g6 16.Rfe1 Qc7
17.h4 b5 18.Ng5 Nxb3 19.axb3 Bxg5 20.hxg5 Rfc8 21.Qd3 b4 22.Qh3 bxc3 23.bxc3 Qe7
24.Re3 Nb8 25.Qh4 Nd7 26.Rh3 Nf8 27.Bc1 Bb5 28.Rd4 Rc6 29.Bb2 a4 30.c4 a3
31.cxb5 Rcc8 32.Bc3 a2 33.Bxa2 Rxa2 34.Bb4 Qc7 35.Bd6 Qb6 36.Bxf8 Kxf8 37.Qxh7 Rc1+
38.Kh2 Rxf2 39.Qh4 Rff1 40.Qg4 Rh1+ 41.Kg3 Rc3+ 42.Kh4 Rhxh3+ 43.gxh3 Qxb5
44.Ra4 Qxb3  0-1